000 00500nam a22001817a 4500
003 AR-RoUNCS
005 20250926154234.0
008 250926t2013 sp |||||ri||| 001 0 por d
020 _a978-987-685-143-5
040 _cAR-RoUNCS
080 _0(038)=134.3
245 0 0 _aAristos :
_bespañol-portugués.
250 _a1a ed.
260 _aBuenos Aires :
_bVisor Enciclópedias Audiovisuales,
_c2013.
300 _a192 p. ;
_c23 cm.
650 4 _aPRTUGUÉS
_xESPAÑOL
_vDICCIONARIOS
942 _2udc
_cOG
_n0
999 _c623
_d623